| 000 | 00529cam a22001571 4500 | ||
|---|---|---|---|
| 082 |
_a510.28 _bTHO |
||
| 100 | 1 |
_aThompson, James Edgar, _939074 |
|
| 245 | 0 | 2 |
_aA manual of the slide rule; _bits history, principle and operation, _cby J. E. Thompson... |
| 260 |
_aNew York, _bD. Van Nostrand company, inc. _c1930. |
||
| 300 |
_avii, 220 p. _billus., diagrs. _c20 cm. |
||
| 490 | 0 | _aMathematics for self-study | |
| 526 |
_a0 _b0 _c0 _d510_280000000000000_THO |
||
| 650 | 0 |
_aMCE _9379 |
|
| 650 | 0 |
_aSlide-rule. _939075 |
|
| 942 |
_2ddc _cBK |
||
| 999 |
_c543638 _d543638 |
||